Standard cantilever retaining walls / (Record no. 546512)

000 -LEADER
fixed length control field 00500pam a2200169 i 4500
020 ## - INTERNATIONAL STANDARD BOOK NUMBER
International Standard Book Number 0070463476
082 00 - DEWEY DECIMAL CLASSIFICATION NUMBER
Classification number 624.164
Author Mark NEW
-- L-20, P-107
100 1# - MAIN ENTRY--PERSONAL NAME
Personal name Newman, Morton.
9 (RLIN) 42664
245 10 - TITLE STATEMENT
Title Standard cantilever retaining walls /
Statement of responsibility, etc. Morton Newman.
260 ## - PUBLICATION, DISTRIBUTION, ETC.
Place of publication, distribution, etc. New York :
Name of publisher, distributor, etc. McGraw-Hill,
Date of publication, distribution, etc. c1976.
300 ## - PHYSICAL DESCRIPTION
Extent xxi, 648 p. :
Other physical details ill. ;
Dimensions 29 cm.
500 ## - GENERAL NOTE
General note Includes index.
526 ## - STUDY PROGRAM INFORMATION NOTE
Program name 0
Interest level 0
Reading level 0
Title point value 624_164000000000000_NEW
650 #0 - SUBJECT ADDED ENTRY--TOPICAL TERM
Topical term or geographic name entry element MCE
9 (RLIN) 379
650 #0 - SUBJECT ADDED ENTRY--TOPICAL TERM
Topical term or geographic name entry element Retaining walls.
9 (RLIN) 21594
942 ## - ADDED ENTRY ELEMENTS (KOHA)
Source of classification or shelving scheme
Koha item type Book
Holdings
Withdrawn status Lost status Source of classification or shelving scheme Damaged status Not for loan Permanent Location Current Location Date acquired Total Checkouts Full call number Barcode Date last seen Date last checked out Price effective from Koha item type
          Military College of Engineering (MCE) Military College of Engineering (MCE) 06/12/2014 1 624.164 NEW MCE-70040 04/25/2017 02/28/2017 06/12/2014 Book
© 2023 Central Library, National University of Sciences and Technology. All Rights Reserved.